| 000 | 01114nam a22003257a 4500 | ||
|---|---|---|---|
| 003 | CHAP | ||
| 005 | 20220329134310.0 | ||
| 008 | 971013s1978 r 00010 d | ||
| 010 | _a18368 | ||
| 011 | _a19340 | ||
| 035 | _a23425 | ||
| 040 | _cCHAP | ||
| 082 |
_a541.37 _bB6Y |
||
| 100 | 0 | 0 |
_aBockris, John O' M. _913338 |
| 245 | _aElectroquímica moderna | ||
| 260 |
_aBarcelona : _bReverté, _c1978 |
||
| 300 |
_a2 v. _b: ilus. ; gráfs. |
||
| 590 |
_aBATCH-UPD _b10 _c20130110 _lUCH01 _h1637 |
||
| 590 |
_aBATCH-UPD _b10 _c20130410 _lUCH01 _h1028 |
||
| 590 |
_aBATCH-UPD _b10 _c20130914 _lUCH01 _h1256 |
||
| 590 |
_aCONVERSION _b10 _c20130109 _lUCH01 _h1311 |
||
| 650 | 1 | 4 |
_aElectroquímica. _936247 |
| 710 | 0 |
_aReddy, Amulya K. N. _995369 |
|
| 901 | _aBK | ||
| 942 | _cLIBRO | ||
| 949 |
_a541.37 B6Y _bBC _cLIBRO _d33724000389094 _eLIBRO _fv.2 _h65615 _i23425 _sb |
||
| 949 |
_a541.37 B6Y _bBC _cLIBRO _d33724000389227 _eLIBRO _fv.1 c.2 _h65614 _i23425 _si |
||
| 949 |
_a541.37 B6Y _bBC _cLIBRO _d33724000389235 _eLIBRO _fv.2 c.2 _h65616 _i23425 _si |
||
| 949 |
_a541.37 B6Y _bBC _cLIBRO _d33724000389243 _eLIBRO _fv.1 _h65513 _i23425 _sb |
||
| 999 |
_c18368 _d18368 |
||